000 00769nam a2200229 a 4500
999 _c9564
_d9564
001 9564
003 BD-JhCC
005 20180319173004.0
008 180319s1968 bg |||| ||a| 000 0 ben d
035 _a(BD-JhCC)9564
040 _aBD-JhCC
_dBD-JhCC
041 _aben
082 _a323.4
_bPAD 1968
100 _aপ্যাডোভার, সউল কে
245 _aস্বাধীনতার ভিত্তিমুল ও ট্মাস জেফারসন /
_cঅধ্যাপক সউল কে প্যাডোভার
260 _aঢাকা:
_bখোশরোজ কিতাব মহল;
_c1968.
300 _a260 p. :
_c22 cm.
651 _aPolitical Science.
700 _aআলম, বি
942 _2ddc
_cBK